Vista normal
Vista MARC
- Besio, Alfredo B.
Entrada Nombre personal
Número de registros utilizados en: 1
001 - NÚMERO DE CONTROL
- campo de control: 30851
003 - IDENTIFICADOR DEL NÚMERO DE CONTROL
- campo de control: AR-RoBPED
005 - FECHA Y HORA DE LA ÚLTIMA TRANSACCIÓN
- campo de control: 20260514121201.0
008 - DATOS DE LONGITUD FIJA
- campo de control de longitud fija: 260430|| ac|||aabn | a|a d
040 ## - FUENTE DE LA CATALOGACIÓN
- Centro catalogador/agencia de origen: AR-RoBPED
100 1# - ENCABEZAMIENTO-NOMBRE DE PERSONA
- Nombre de persona: Besio, Alfredo B.
670 ## - FUENTE DE DATOS ENCONTRADOS
- Cita de la fuente: Cuentos con cuentas : matemática moderna para 2o grado / por Nélida R. D'Amelio de Schefini y Alberto H. Schefini ; con la supervisión del profesor Alfredo B. Besio. Buenos Aires : Estrada, 1971.